Memoria. Seminario internacional sobre violencia intrafamiliar en Centro América y el Caribe del 25 al 26 de Octubre del 2000. (Registro nro. 1230)

Detalles MARC
000 -LEADER
fixed length control field 00508nam a22001691a 4500
001 - CONTROL NUMBER
control field 1230
003 - CONTROL NUMBER IDENTIFIER
control field OSt
005 - DATE AND TIME OF LATEST TRANSACTION
control field 20260204211726.0
008 - FIXED-LENGTH DATA ELEMENTS--GENERAL INFORMATION
fixed length control field 040117s2001||||dr ||||||b||||||||||spa||
050 ## - LIBRARY OF CONGRESS CALL NUMBER
Classification number RD 346.0134 M513s
082 ## - DEWEY DECIMAL CLASSIFICATION NUMBER
Classification number RD 346.0134 M513s
245 ## - TÍTULO PROPIAMENTE DICHO: SUBTÍTULO
Title Memoria. Seminario internacional sobre violencia intrafamiliar en Centro América y el Caribe del 25 al 26 de Octubre del 2000.
264 ## - PRODUCTION, PUBLICATION, DISTRIBUTION, MANUFACTURE, AND COPYRIGHT NOTICE
Place of production, publication, distribution, manufacture Santo Domingo : SEM
300 ## - PHYSICAL DESCRIPTION
Extensión 217 P.
650 ## - ASIENTO SECUNDARIO DE MATERIA -- TERMINO TEMÁTICO
Termino Temático Como Elemento de Entrada 1.Mujer - Situación LegalÌ
942 ## - ADDED ENTRY ELEMENTS (KOHA)
Source of classification or shelving scheme Dewey Decimal Classification
Koha item type Libros
Existencias
Withdrawn status Lost status Source of classification or shelving scheme Damaged status Not for loan Current library Date acquired Total Checkouts Full call number Barcode Date last seen Price effective from Koha item type
    Dewey Decimal Classification     Biblioteca UTECO 09/09/2019   RD 346.0134 M513S 004933 09/09/2019 09/09/2019 Libros
    Dewey Decimal Classification     Biblioteca UTECO 09/09/2019   RD 346.0134 M513S 004934 09/09/2019 09/09/2019 Libros
    Dewey Decimal Classification     Biblioteca UTECO 09/09/2019   RD 346.0134 M513S 004935 09/09/2019 09/09/2019 Libros
© 2021 Derechos Reservados UTECO - Teléfono: +1 809-585-2291 - Correo electrónico: biblioteca@uteco.edu.do​  
Código postal 43000 ​​
Dirección: Avenida Universitaria No. 100, 
Cotuí, Provincia Sánchez Ramírez, República Dominicana - RNC: 404-00059-6